MDQL
is popping MORE tags! Check the
thread
!
Quizzes
Events
Quiz Creation
Community
Videos
Private Events
Remove Ads
Sign In
Join for FREE
Feedback
Dark Mode
Quiz Categories
Sports
Geography
Music
Movies
Television
Just For Fun
Miscellaneous
History
Literature
Language
Science
Gaming
Entertainment
Religion
Holiday
For Kids
Quiz Lab
Recent
Popular Today
Quiz Kudos Today
Editor Picks
Curator Picks
Quizzes by...
Day
Popularity
Type
Ratings
Length
Year
Community
Subscriptions
Recent Discussions
Orange Saloon
Badges
Playlists
Quests
Create
Leaderboards
Showdown
Live 5
Trivia Bingo
Activity
Puzzle Library
Sporcle Events
Private Events
Virtual Trivia
Globe League
Become a Host
Pub Owners
SporcleCon
Opinionation
Our Games
Videos
Blog
Mobile Apps
Partnerships
Remove Ads and Go Orange
Feedback
Geography
Country
Landmarks
City
State
Population
World
Capital
Continent
Flags
Europe
Africa
Asia
South America
North America
Oceania
Border
Canada
United Kingdom
Topography
United States
Geography
Country
Landmarks
City
State
Population
World
Capital
Continent
Flags
Europe
Africa
Asia
South America
North America
Oceania
Border
Canada
United Kingdom
Topography
United States
Random Quiz
Search Sporcle
×
Quiz Lab
Quiz Lab
Geography
Nation
Type in answers that appear in a list
Type in answers that appear in a list
Classic
Best Score? Go Orange.
Countries by...Northernmost Point Stats
Can you name the Countries by...Northernmost Point?
By
Pedro188
8m
30 Questions
36 Plays
36 Plays
36 Plays
Comments
Comments
Give Quiz Kudos
Give Quiz Kudos
-
- Ratings
hide this ad
More Info
Forced Order
Answers have to be entered in order
Answers have to be entered in order
Random Order
Randomize order of answers
Randomize order of answers
Replay
Link that replays current quiz
Next Quiz
Link to next quiz in quiz playlist
You Got
0%
They Got
Avg Score
36%
Avg Friend Score
Upgrade to see
Score Distribution
Jump to the score distribution portion of the page
Score
0/30
Timer
08:00
0
Plays Today
Northernmost Point
Country
% Correct
San Antonio (Border With Bolivia)
Paraguay
77.8%
Point Barrow
United States
69.4%
Treriksröset
Sweden
69.4%
Cape Columbia
Canada
63.9%
Rottumerplaat
Netherlands
55.6%
Punta de Estaca de Bares
Spain
47.2%
Lung Cu
Vietnam
44.4%
Cape Fligeli
Russia
41.7%
Inishtrahull Island
Ireland
41.7%
Out Stack
United Kingdom
38.9%
Moimi Island
Australia
38.9%
Kolbeinsey
Iceland
38.9%
Proshki
Belarus
36.1%
Pulau Weh
Indonesia
36.1%
Grenen
Denmark
33.3%
Northernmost Point
Country
% Correct
Cape Rozewie
Poland
33.3%
Bray-
Dunes
France
33.3%
List
Germany
30.6%
Siachen Glacier
India
27.8%
Zwillingsköpfl
Italy
25%
Sidi Barrani
Egypt
25%
Atafu Atoll
New Zealand
25%
Beit Bridge
South Africa
25%
Kilik Pass
Pakistan
22.2%
Ormenio
Greece
22.2%
Mount Caburaí
Brazil
22.2%
Lapche Pass
Nepal
22.2%
Cape Soya
Japan
16.7%
Ras Ejder
Libya
13.9%
Tetulia
Bangladesh
8.3%
Quiz Playlist
Details
Report
Send in Message
Add To Playlist
More Info:
Please note: Included are the dependent territories of the countries in this quiz.
Classic:
Type in answers that appear in a list
Forced Order:
Answers have to be entered in order
Random Order:
Randomize order of answers
Last Updated: Feb 16, 2017
Quiz Scoreboard
CHALLENGE
Sign Up to Join the Scoreboard
Show All
Scores
Hide
Comments
May contain spoilers
Recently Published
Colored Red Africa Blitz
by spor1
Geography
30s
Find the 'City' Movie
by crazypaving
Movies
60s
5x2 Blitz: Bands
by SL_Kpop136
Music
30s
More to Explore
Quiz From the Vault
Featured Blog Post
14 Easter Pick-up Lines to Find Eggs With
hide this ad
You Might Also Like...
Tags
Country Quiz
Nation Quiz
north
Northern
Northern Hemisphere
Northernmost
place
Place Names
point
Today's Top Quizzes in Geography
Browse Geography
hide this ad
Today's Top Quizzes in Nation
Browse Nation
Top Contributed Quizzes in Geography
1
Countries of the World - No Outlines Minefield
2
Colored Red Europe Blitz I
3
Colored Red Africa Blitz II
4
Colored Red Europe Blitz II
5
Colored Red Africa Blitz III
6
Colored Red Europe Blitz III
7
Colored Red States Blitz I
8
African Flag Reveal XLVI
9
Colored Red States Blitz II
10
Colored Red States Blitz III
Explore More
Trending Topics
Anime
Crossword
Disney
Kpop
Marvel
Harry Potter
NBA
The Office
NFL
Pokémon
Country
Song
Puzzle
WWE
Soccer
hide this ad
More By:
Pedro188
Quiz
Plays
Rating
Category
Featured
Created
US States by Phonetic Name
126,666
4.38
Geography
Jun 4, 2011
Gimme Five: Actors And Actresses
107,274
4.12
Movies
Jul 2, 2011
Five Song Frenzy
76,688
4.12
Music
Jun 10, 2011
Gimme Five: Actors And Actresses II
66,159
4.28
Movies
Jul 2, 2011
US State Capitals by Phonetic Name
57,967
4.58
Geography
Jun 28, 2011
Go to Creator's Profile
Score Distribution
Quiz Creator Spotlight
Pedro188
Follow
Send a Message
Quizzes Created
-
Created Quiz Play Count
-
More By This Creator
Popular Quizzes Today
1
Colored Red Africa Blitz
2
Find the 'City' Movie
3
5x2 Blitz: Bands
4
Find the US States - No Outlines Minefield
5
The Countries of the World
6
Find the US States
7
US States
8
Find the Countries of Europe - No Outlines Minefield
More Geography Quizzes
Acrostic Missouri
Quiz Lab
Trending Quizzes
Colored Red Europe Blitz I
Colored Red Africa Blitz II
Colored Red Europe Blitz II
Colored Red Africa Blitz III
Colored Red Europe Blitz III
Recently Updated
How Do You Spell That?
pecheneg
Godzilla Movies
pecheneg
Grab Bag: 4-10 Letters
pecheneg
2024 March Madness Bracket
pecheneg
Famous TV Couples
Peacemaker
Champions League XIs: Real Madrid
pecheneg
Largest US Cities 1790-2010
pecheneg
Rides in Walt Disney World
pecheneg
Most Oscar Losses (Acting)
pecheneg
Beyoncé Albums
pecheneg
Trending Topics
Crossword
Anime
Harry Potter
NBA
Disney
Kpop
Marvel
Pokémon
WWE
Song
The Office
Country
Puzzle
Soccer
NFL
Your Account Isn't Verified!
In order to create a playlist on Sporcle, you need to verify the email address you used during registration. Go to your
Sporcle Settings
to finish the process.
Report this User
Report this user for behavior that violates our
Community Guidelines
.
Details:
Send Report
Go to the Sporcle.com Mobile Site →
Comments